000 00463nam a2200193Ia 4500
008 220531s9999 xx 000 0 und d
041 _aeng
082 _bKAU
100 _aKaur, I. Ed.
_968437
245 _aPatrick White: Critical Issues
250 _a1ST
260 _aNew Delhi
_bAtlantic
_c2014
300 _a188
542 _d22-04-2015
551 _aEnglish
_bUgc-ENG
650 _aEnglish
_968438
906 _d2015-2016
999 _c38450
_d38450